00941nam a22001577a 4500008004100000020001800041050001500059100002300074245005300097250001300150260003300163300003000196500005000226505049200276650001500768110905t xxu||||| |||| 00| 0 eng d a9780071315753 aBF121.L214 aLahey, Benjamin B. aPsychology: an introduction:cBenjamin B. Lahey  a11th ed. aBoston:bMcGraw Hill,c20012 axxxiv,597 p.:bill,c28cm aIncludes bibliographical references and index aContents: Introduction to psychology -- Research methods in psychology -- Biological foundation of behavior -- Interplay of nature and nurture -- Sensation and perception -- States of consciousness -- Basic principles of learning -- Memory -- Cognition,language and intelligence -- Developmental psychology -- Motivation and emotion -- Personality -- Stress and health -- Abnormal behavior -- Therapies -- Social psychology -- Psychology applied to the environment and to professions  aPsychology